| 000 | 00383nam a2200145Ia 4500 | ||
|---|---|---|---|
| 008 | 150201s2007 xx 000 0 und d | ||
| 082 |
_a617.52 _bD2007L |
||
| 100 | _aLASKIN, DANIAL | ||
| 245 | _aDECISION MAKING IN ORAL & MAXILLOFACIAL SURGERY | ||
| 250 | _a1ST | ||
| 260 |
_bQUINTESSENCE PUBLICATION _aCHICAGO _c2007 |
||
| 300 | _a1-267 | ||
| 650 | _aORAL SURGERY | ||
| 942 |
_2ddc _cBK |
||
| 999 |
_c4479 _d4479 |
||